Explicacion de las quatro partes de la doctrina christiana, ó, Instrucciones dogmático-morales en que se vierte toda la doctrina del catecismo romano; se amplian los diferentes puntos que el mismo catecismo remite á los párrocos para su extension; y se tratan de nuevo otros importantes / por el R. P. M. Fr. Plácido Rico Frontaura, abad del Real Monasterio de San Salvador de Oña de la Congregacion de San Benito de España

Detalles Bibliográficos
Autor principal: Rico Frontaura, Plácido, O. S. B.
Formato: Libro
Lenguaje:Spanish
Publicado: Madrid : en la imprenta de Don Benito Cano, 1796.
Materias:
Colección:Banco de datos
Acervo:Fondo Antiguo José Gutiérrez Casillas. S.J. de la Biblioteca Eusebio F. Kino. de la Provincia Mexicana de la Compañía de Jesús
Descripción Física:4 t. ; 4°
Tema general:Catequética
Notas:Portada tipográfica. Texto a renglón seguido con paginación en números arábigos, cornisas, titulillos, signaturas, reclamos y notas a pie de página. Cada tomo con portada y paginación propias. Los t. 1-4 publicados en 1796. Paginación: t. 1 [1] h., XXI, 371 p.; t. 2 XI, 383 p.; t. 3 XI, 435 p.; t. 4 V, 224, 62 p. Encuadernación en piel sobre cartón (22288, 22759-22761, 23262). Ex libris manuscrito en la portada: <rúbrica> (22759-22761). Sello en tinta de la Biblioteca AnAmer. Resid. IV. Mexic. (22759-22761). Daños de humedad (22761, 23262)
LEADER 01662nam a22001930004500
035 |a 975 
041 0 |a spa 
100 1 |a Rico Frontaura, Plácido, O. S. B. 
245 1 0 |a Explicacion de las quatro partes de la doctrina christiana, ó, Instrucciones dogmático-morales en que se vierte toda la doctrina del catecismo romano; se amplian los diferentes puntos que el mismo catecismo remite á los párrocos para su extension; y se tratan de nuevo otros importantes / por el R. P. M. Fr. Plácido Rico Frontaura, abad del Real Monasterio de San Salvador de Oña de la Congregacion de San Benito de España 
260 |a Madrid : en la imprenta de Don Benito Cano, 1796. 
300 |a 4 t. ; 4° 
500 |a Portada tipográfica. Texto a renglón seguido con paginación en números arábigos, cornisas, titulillos, signaturas, reclamos y notas a pie de página. Cada tomo con portada y paginación propias. Los t. 1-4 publicados en 1796. Paginación: t. 1 [1] h., XXI, 371 p.; t. 2 XI, 383 p.; t. 3 XI, 435 p.; t. 4 V, 224, 62 p. Encuadernación en piel sobre cartón (22288, 22759-22761, 23262). Ex libris manuscrito en la portada: <rúbrica> (22759-22761). Sello en tinta de la Biblioteca AnAmer. Resid. IV. Mexic. (22759-22761). Daños de humedad (22761, 23262) 
504 |a Al principio de cada tomo está el índice de contenido 
650 1 0 |a Catequética 
740 0 |a Instrucciones dogmático-morales 
949 |a 22761 (t. 1); 22760 (t. 2); 22759, 23262 (t. 3); 22288 (t. 4) 
942 |c KINO 
943 |g Fondo Antiguo José Gutiérrez Casillas. S.J. de la Biblioteca Eusebio F. Kino. de la Provincia Mexicana de la Compañía de Jesús 
999 |c 1093864  |d 1093864